000 01370nam a2200301 i 4500
001 94259
003 ES-MaACL
005 20251112163755.0
007 t|
008 050427s1905 sp ||||1| spa d
100 1 _aLópez Silva, José,
_d1861-1925
_973986
245 1 0 _aGente de tufos
_b: colección de poesías /
_cJosé López Silva; con un prólogo de D. Vicente Blasco Ibañez ; ilustraciones de Huertas, Sileno, Sancha, Saint-Aubín, Bermejo, Amalio Fernández, Cilla y Xaudaró.
260 _aMadrid :
_bLibrería de Fernando Fe,
_c1905 (
_fTip. de la Rev. de Archivos, Bibliotecas y Museos.)
300 _a243 p. :
_bil. ;
_c19 cm.
530 _aDisponible en formato digital.
700 1 _aBlasco Ibáñez, Vicente,
_d1867-1928
_929388
700 1 _aDíaz Huertas,
_d1866-1937
_9171328
700 0 _aSileno,
_d1869-1945
_9168967
700 1 _aSancha Lengo, Francisco,
_d1874-1936
_9151524
700 1 _aFernández, Amalio (
_d1859-1928)
_9171329
700 1 _aCilla Pérez, Ramón,
_d1859-1937
_938822
700 1 _aXaudaró, Joaquín,
_d1872-1933
_9117497
852 _aES-MaACL
_jD-912
_cSVI
856 4 _uhttp://bdh-rd.bne.es/viewer.vm?id=0000242924&page=1
_yBiblioteca Digital Hispánica
856 _uhttps://archive.org/details/gentedetufoscol00silvgoog/page/n9/mode/2up
_zInternet Archive
942 _2udc
999 _c94259
_d94259